00868nam a2200253 a 4500001001000000003000900010005001700019007000300036008004000039020001800079040003200097082002900129100004800158245009200206264004200298300004400340336002700384337003500411338002900446490002700475650003000502650003400532700004800566000028714DO-SdBPM20260505123204.0ta110411s2008 dr a 000 0 spa d a9789945171624 a DO-SdBPMbspacBPMSU erda17aRD863.44bR282n 20072221 aRead Escobal, Virginiad1963-4aut.eautor 10aNoches de luna nueva /cVirginia Read Escobal; ilustraciones Montserrat Ubach Figueras. aSanto Domingo :bEdiciones SM,c2008. a79 páginas :bilustraciones ;c19 cm. atextobtxt2rdacontent asin mediación bn2rdamedia  avolumenbnc2rdacarrier 0 aEl varco de vapor, v5 7aNovela juvenil dominicana 7aLiteratura juvenil dominicana12aUbach Figueras, Montserrat,eilustración